| 000 | 00971nas a2200301 4500 | ||
|---|---|---|---|
| 001 | BR2014000233 | ||
| 003 | BR-BrBNA | ||
| 005 | 20231205123602.0 | ||
| 007 | ta | ||
| 008 | 230509b bl.|||p| |||| 00| 00por d | ||
| 040 |
_aBR-BrBNA _bpor _cBiblioteca Nacional de Agricultura |
||
| 041 | _a(Pt) | ||
| 072 | _aP34; F61 | ||
| 100 | 1 | _aPereira, M.G. | |
| 100 | 1 | _aSantos, C.E.R.S. | |
| 100 | 1 | _aFreitas, A.D.S. de | |
| 100 | 1 | _aStamford, N.P. | |
| 100 | 1 | _aRocha, G.S.D.C. | |
| 100 | 1 | _aBarbosa, A.T. | |
| 245 | 1 | _aInterações entre fungos micorrízicos arbusculares, rizóbio e actinomicetos na rizosfera de soja | |
| 650 | _aSIMBIOSE | ||
| 650 | _aGLYCINE MAX | ||
| 650 | _aFIXAÇÃO SIMBIÓTICA DE NITROGÊNIO | ||
| 650 | _aSINERGISMO | ||
| 773 | 0 |
_tRevista Brasileira de Engenharia Agrícola e Ambiental (Brazil) _xISSN 1415-4366 _g(Dec 2013), v. 17(12) p. 1249-1256 _wBR2014000233 |
|
| 909 |
_a202311 _bLúcia _c55 _dLúcia Elande |
||
| 942 |
_2AGRIS _n0 _cANA |
||
| 999 |
_c234643 _d234643 |
||